[Event "ROM-chT U18"]
[Site "Mamaia"]
[Date "2012.09.06"]
[Round "6"]
[White "Malureanu, Costin George"]
[Black "Horvat, Dan Sebastian"]
[Result "1/2-1/2"]
[WhiteElo "2149"]
[BlackElo "2229"]
[PlyCount "80"]
[EventDate "2012.09.03"]
[EventType "team-swiss"]
[EventRounds "7"]
[EventCountry "ROU"]
[SourceTitle "CBM 150 Extra"]
[Source "ChessBase"]
[SourceDate "2012.10.19"]
[SourceVersion "1"]
[SourceVersionDate "2012.10.19"]
[SourceQuality "1"]

1. e4 d6 2. d4 Nf6 3. Nc3 Nbd7 4. Nf3 e5 5. Bc4 Be7 6. 0-0 0-0 7. Re1 a6 8. a4 b6 9. b3 c6 10. d5 c5 11. Ba3 Qc7 12. Bd3 g6 13. Nd2 Nh5 14. Bf1 Ng7 15. Ne2 Bb7 16. Bb2 Rae8 17. f4 Bf6 18. c4 Qd8 19. Qc2 exf4 20. Nxf4 a5 21. Nf3 Ne5 22. Nxe5 Bxe5 23. Bxe5 Rxe5 24. Nd3 Rh5 25. Qf2 f6 26. Be2 Rh6 27. Qe3 g5 28. Bg4 Bc8 29. Bxc8 Qxc8 30. Qg3 Qd7 31. Nf2 Rg6 32. Qc3 h5 33. g3 Re8 34. Ra2 Re7 35. Rae2 Kf8 36. Nd1 Ke8 37. Rf2 Re5 38. Nb2 Qe7 39. Rfe2 g4 40. Nd3 Reg5 1/2-1/2

[Event "ROM-chT U18"]
[Site "Mamaia"]
[Date "2012.09.05"]
[Round "4"]
[White "Camarascu, Radu Stefan"]
[Black "Horvat, Dan Sebastian"]
[Result "0-1"]
[WhiteElo "1790"]
[BlackElo "2229"]
[PlyCount "54"]
[EventDate "2012.09.03"]
[EventType "team-swiss"]
[EventRounds "7"]
[EventCountry "ROU"]
[SourceTitle "CBM 150 Extra"]
[Source "ChessBase"]
[SourceDate "2012.10.19"]
[SourceVersion "1"]
[SourceVersionDate "2012.10.19"]
[SourceQuality "1"]

1. e4 d6 2. d4 Nf6 3. Nc3 Nbd7 4. Nf3 e5 5. Bc4 Be7 6. 0-0 0-0 7. b3 a6 8. a4 b6 9. Ba3 Bb7 10. Re1 c6 11. dxe5 dxe5 12. Bd6 b5 13. axb5 axb5 14. Rxa8 Bxa8 15. Bf1 Re8 16. Bxe7 Qxe7 17. Qd2 Bb7 18. Nh4 g6 19. Qg5 Qb4 20. Re3 Kh8 21. Rf3 Qe7 22. g3 b4 23. Nd1 Nxe4 24. Qh6 c5 25. Bb5 Rd8 26. Nxg6+ fxg6 27. Bxd7 Nf6 0-1

[Event "ROM-chT U18"]
[Site "Mamaia"]
[Date "2012.09.03"]
[Round "1"]
[White "Pop, Alexandru"]
[Black "Horvat, Dan Sebastian"]
[Result "1-0"]
[WhiteElo "2270"]
[BlackElo "2229"]
[PlyCount "55"]
[EventDate "2012.09.03"]
[EventType "team-swiss"]
[EventRounds "7"]
[EventCountry "ROU"]
[SourceTitle "CBM 150 Extra"]
[Source "ChessBase"]
[SourceDate "2012.10.19"]
[SourceVersion "1"]
[SourceVersionDate "2012.10.19"]
[SourceQuality "1"]

1. Nf3 d5 2. g3 Nf6 3. Bg2 c6 4. c4 e6 5. b3 Nbd7 6. Bb2 Be7 7. 0-0 0-0 8. d3 Re8 9. Nbd2 Bf8 10. Qc2 b6 11. e4 dxe4 12. Nxe4 Nxe4 13. dxe4 e5 14. Rad1 Qc7 15. Nh4 a5 16. f4 f6 17. Qe2 Bc5+ 18. Kh1 exf4 19. gxf4 Nf8 20. e5 Bd7 21. Be4 Bh3 22. exf6 Bxf1 23. Rxf1 Rad8 24. fxg7 Ne6 25. Qh5 Ng5 26. Nf5 Re6 27. fxg5 Rd2 28. Ne7+ 1-0